| 000 | 00785nam a22002417a 4500 | ||
|---|---|---|---|
| 005 | 20170124105949.0 | ||
| 010 | _aA-895507 | ||
| 020 |
_c00.00 _a8170249090 |
||
| 035 | _aA-895507 | ||
| 037 | _bCen Lib/Ret | ||
| 040 |
_aDPL _bEN |
||
| 082 |
_a306.745 _bTAN |
||
| 100 |
_aTandon, R. K. _913237 |
||
| 245 |
_aChild prostitution / _cby R. K. Tandon [and] K. N. Sudarshan |
||
| 260 |
_aNew Delhi _bA. P. H. Publishing Corporation _c1997 |
||
| 270 |
_a5, Ansari Road, Darya Ganj _bNew Delhi _e110002 |
||
| 300 |
_aviii,407p. _c22cm(Hb) |
||
| 500 | _aIncludes appendix and index | ||
| 650 |
_aChild prostitution -- India _913238 |
||
| 650 |
_aChildren -- India -- Social conditions _913239 |
||
| 700 |
_aSudarshan, K. N. _913240 |
||
| 942 |
_2ddc _cEN _h306.745 _mTAN |
||
| 999 |
_c125162 _d125162 |
||